000 00514nam a2200217Ia 4500
003 OSt
005 20221005122736.0
006 a|||||r|||| 00| 0
007 ta
008 221004b |||||||| |||| 00| 0 eng d
024 _a119897
037 _cTextual
040 _aCRL
_cCRL
_beng
041 _2eng
_aeng
100 _aBajpeye Nirmala
_9632533
245 0 _aKanto ke Phool
260 _c1968
650 _aHINDI LITERATURE
_923866
942 _cTEXL
_2cc
999 _c1045232
_d1045232